| 000 | 00668cam a2200217u 4500 | ||
|---|---|---|---|
| 001 | 9823841 | ||
| 003 | ARRUPE | ||
| 005 | 20161003092413.0 | ||
| 008 | 810220s1959 nyu 000 0 eng | ||
| 010 | _a 59009943 | ||
| 040 |
_aDLC _cCarP _dDLC |
||
| 050 | 0 | 0 | _aH33.W5 |
| 100 | 1 |
_aWhitehead, Alfred North, _d1861-1947. _926345 |
|
| 245 | 1 | 0 |
_aWhitehead's American essays in social philosophy / _cedited with an introd. by A.H. Johnson. |
| 250 | _a[1st. ed.] | ||
| 260 |
_aNew York, _bHarper _c1959 |
||
| 300 |
_a206 p.; _c22 cm. |
||
| 650 | 0 |
_aSocial sciences. _xAddresses _926346 |
|
| 906 |
_a0 _bcbc _cpremunv _du _encip _f19 _gy-gencatlg |
||
| 942 |
_2lcc _cMONOGRAPH |
||
| 999 |
_c125396 _d125396 |
||